| 000 -LEADER |
| fixed length control field |
01124nam a22002297a 4500 |
| 003 - CONTROL NUMBER IDENTIFIER |
| control field |
OSt |
| 005 - DATE AND TIME OF LATEST TRANSACTION |
| control field |
20180911081419.0 |
| 008 - FIXED-LENGTH DATA ELEMENTS--GENERAL INFORMATION |
| fixed length control field |
180312b xxu||||| |||| 00| 0 spa d |
| 020 ## - INTERNATIONAL STANDARD BOOK NUMBER |
| International Standard Book Number |
950140241X |
| 040 ## - CATALOGING SOURCE |
| Transcribing agency |
PJ |
| 100 ## - ASIENTO PRINCIPAL - NOMBRE DE PERSONA |
| 9 (RLIN) |
2157 |
| Personal name |
Lloveras de Resk, María Eugenia |
| 245 10 - MENCIÓN DE TÍTULO |
| Título propiamente dicho |
Tratado teórico práctico de las nulidades / |
| Mención de responsabilidad, etc |
María Eugenia Lloveras de Resk. |
| 260 ## - PUBLICATION, DISTRIBUTION, ETC. (IMPRINT) |
| Place of publication, distribution, etc |
Buenos Aires : |
| Name of publisher, distributor, etc |
Depalma, |
| Date of publication, distribution, etc |
1991. |
| 300 ## - DESCRIPCION FISICA |
| Extent |
xviii, 549 p. |
| Dimensions |
23 cm. |
| 500 ## - NOTA GENERAL |
| General note |
Notas y citas a pie de página. |
| 504 ## - NOTA DE BIBLIOGRAFÍA, ETC. |
| Bibliography, etc |
Bibliografía: p. 525-549. |
| 505 ## - FORMATTED CONTENTS NOTE |
| Formatted contents note |
Contenido:<br/>Nulidad de los actos jurídicos en tiempo y espacio y en el Derecho Comparado -- Nociones preliminares -- Evolución histórica aplicable -- Efectos de nulidad de los actos jurídicos en el Derecho argentino -- Principio general del Código Civil argentino -- Efectos propios de la sentencia de nulidad entre partes -- Efectos de la sentencia de nulidad en relación a terceros. |
| 650 ## - ASIENTO SECUNDARIO DE MATERIA - TERMINO TEMATICO |
| Topical term or geographic name as entry element |
DERECHO PROCESAL |
| 9 (RLIN) |
267 |
| 650 #0 - ASIENTO SECUNDARIO DE MATERIA - TERMINO TEMATICO |
| Topical term or geographic name as entry element |
ACTOS Y DILIGENCIAS PROCESALES |
| 9 (RLIN) |
2150 |
| 650 #0 - ASIENTO SECUNDARIO DE MATERIA - TERMINO TEMATICO |
| Topical term or geographic name as entry element |
NULIDAD PROCESAL |
| 9 (RLIN) |
2151 |
| 942 ## - ADDED ENTRY ELEMENTS (KOHA) |
| Source of classification or shelving scheme |
|
| Koha item type |
Libros |
| Classification part |
347.959(035) |
| Item part |
LLO |